MDQL
is popping MORE tags! Check the
thread
!
Quizzes
Events
Quiz Creation
Community
Videos
Private Events
Remove Ads
Sign In
Join for FREE
Feedback
Dark Mode
Quiz Categories
Sports
Geography
Music
Movies
Television
Just For Fun
Miscellaneous
History
Literature
Language
Science
Gaming
Entertainment
Religion
Holiday
For Kids
Quiz Lab
Recent
Popular Today
Quiz Kudos Today
Editor Picks
Curator Picks
Quizzes by...
Day
Popularity
Type
Ratings
Length
Year
Community
Subscriptions
Recent Discussions
Orange Saloon
Badges
Playlists
Quests
Create
Leaderboards
Showdown
Live 5
Trivia Bingo
Activity
Puzzle Library
Sporcle Events
Private Events
Virtual Trivia
Globe League
Become a Host
Pub Owners
SporcleCon
Opinionation
Our Games
Videos
Blog
Mobile Apps
Partnerships
Remove Ads and Go Orange
Feedback
Music
Pop Music
The Beatles
Song
Album
Lyrics
Bands
Singers
Artist
Clip
Rock
Rap
Classical
Billboard
Country Music
Kpop
Taylor Swift
Music
Pop Music
The Beatles
Song
Album
Lyrics
Bands
Singers
Artist
Clip
Rock
Rap
Classical
Billboard
Country Music
Kpop
Taylor Swift
Random Quiz
Search Sporcle
×
Quiz Lab
Quiz Lab
Music
Lyrics
Type in answers that appear in a list
Type in answers that appear in a list
Classic
Best Score? Go Orange.
Crazy lyrics Stats
Can you name the lyrics of Gnarls Barkley's 'Crazy'??
By
SporcleEXP
10m
199 Questions
791 Plays
791 Plays
791 Plays
Comments
Comments
Give Quiz Kudos
Give Quiz Kudos
-
- Ratings
hide this ad
Replay
Link that replays current quiz
Next Quiz
Link to next quiz in quiz playlist
You Got
0%
They Got
Avg Score
79%
Avg Friend Score
Upgrade to see
Score Distribution
Jump to the score distribution portion of the page
Score
0/199
Timer
10:00
0
Plays Today
Crazy
% Correct
my
96.5%
my
96.5%
My
96.5%
remember
96.3%
when,
96.3%
remember,
96.3%
remember
96.3%
when
96.3%
when
96.3%
remember
96.3%
when
96.3%
you
96%
you,
96%
you,
96%
you,
96%
you
96%
you
96%
You
96%
crazy?
95.3%
crazy?
95.3%
crazy?
95.3%
crazy
95.3%
crazy
95.3%
crazy
95.3%
crazy
95.3%
crazy
95.3%
crazy
95.3%
lost
95.1%
mind
94.9%
that
94.6%
that
94.6%
that
94.6%
that
94.6%
that
94.6%
And
94.1%
And
94.1%
the
94.1%
the
94.1%
a
94.1%
And
94.1%
And
94.1%
And
94.1%
so
93.7%
so
93.7%
me
93.4%
me
93.4%
me
93.4%
me
93.4%
your
91.4%
your
91.4%
your
91.4%
was
90.9%
was
90.9%
was
90.9%
was
90.9%
do
90.5%
do
90.5%
do
90.5%
do
90.5%
There
89.5%
there
89.5%
I
88.2%
I
88.2%
I
88.2%
I
88.2%
I
88.2%
I
88.2%
Crazy
% Correct
I
88.2%
make
88.2%
make
88.2%
make
88.2%
I
88.2%
I
88.2%
I
88.2%
I
88.2%
I
88.2%
I
88.2%
I
88.2%
I
88.2%
I
88.2%
about
88%
you're
88%
you're
88%
you're
88%
you're
88%
you're
88%
you're
88%
ha,
87.7%
ha,
87.7%
ha,
87.7%
something
87.5%
think
87.5%
think
87.5%
think
87.5%
think
87.5%
think
87.5%
think
87.5%
much
84.8%
much
84.8%
to
84.6%
to
84.6%
Does
84.1%
Does
84.1%
Does
84.1%
of
83.4%
of
83.4%
it
83.2%
it
83.2%
in
82.9%
in
82.9%
an
82.8%
just
82.2%
Just
82.2%
be
81.2%
are
80.9%
are?
80.9%
out
80.5%
out
80.5%
out
80.5%
know
80.2%
too
78.9%
who
78.5%
who
78.5%
who
78.5%
who
78.5%
soul
77.9%
But
77%
But
77%
space
76.7%
like
76.5%
like
76.5%
like
76.5%
place
76.2%
Bless
76%
Crazy
% Correct
knew
75.9%
on
75.2%
on
75.2%
emotions
74.7%
didn't
73.8%
touch
73.7%
I'm
73.1%
I'm
73.1%
because
72.9%
control
72.4%
enough
72.2%
wasn't
71.8%
no
71.4%
Probably...
71.3%
Probably
71.3%
time
70.4%
life
70%
Well,
68.8%
really
67.5%
Yeah,
66.8%
that's
66.6%
only
66.4%
Even
66.1%
we're
66%
had
65.6%
had
65.6%
twice,
65%
echo
64.5%
advice
64.2%
now,
64%
Maybe
63.8%
Maybe
63.8%
Maybe
63.8%
Come
61.2%
come
61.2%
having
60.9%
all
58.7%
want
58.3%
pleasant
58.2%
is
57.8%
them
56.5%
care,
55.1%
Ever
55%
ever
55%
Without
54.9%
little,
54.7%
little
54.7%
since
52.8%
since
52.8%
thinking,
52.1%
it's
52%
fun
51.7%
looked
48.9%
can
48.5%
done
47.8%
I've
46.5%
hope
45.4%
die
44.1%
heroes
43.6%
coincidence
43.6%
heart
40.8%
limb
37.8%
lives
36.5%
their
35.1%
lose
27.6%
Quiz Playlist
Details
Report
Send in Message
Add To Playlist
Classic:
Type in answers that appear in a list
Last Updated: Feb 16, 2017
Quiz Scoreboard
CHALLENGE
Sign Up to Join the Scoreboard
Show All
Scores
Hide
Comments
May contain spoilers
Recently Published
Colored Red Africa Blitz
by spor1
Geography
30s
Find the 'City' Movie
by crazypaving
Movies
60s
5x2 Blitz: Bands
by SL_Kpop136
Music
30s
More to Explore
Quiz From the Vault
Featured Blog Post
14 Easter Pick-up Lines to Find Eggs With
hide this ad
You Might Also Like...
Tags
Lyrics Quiz
Song Quiz
Crazy
Gnarls Barkley
Today's Top Quizzes in Music
Browse Music
hide this ad
Today's Top Quizzes in Lyrics
Browse Lyrics
Top Contributed Quizzes in Music
1
5X2 Blitz: Bands II
2
5X2 Blitz: The Beatles
3
Taylor Swift All Songs (2024)
4
5X2 Blitz: Billboard
5
5X2 Blitz: Billboard II
6
5X2 Blitz: Album
7
Taylor Swift Logic Puzzle II
8
5X2 Blitz: Singers
9
5X2 Blitz: Rock
10
5X2 Blitz: Lyrics
Explore More
Trending Topics
Crossword
Disney
NBA
Marvel
Anime
Harry Potter
Kpop
NFL
Soccer
Song
WWE
Puzzle
Country
Pokémon
The Office
hide this ad
More By:
SporcleEXP
Quiz
Plays
Rating
Category
Featured
Created
Harry Potter Deaths in Order Minefield
3,068,794
4.18
Literature
Jan 27, 2016
Sins, Dwarfs, and Spice Girls
847,326
4.42
Just For Fun
Apr 11, 2012
Ancient History Bunker
708,301
4.28
History
Jan 20, 2014
Movie Posters VI
679,087
4.37
Movies
Nov 12, 2010
Movie Posters VII
621,908
4.44
Movies
Apr 16, 2011
Go to Creator's Profile
Score Distribution
Quiz Creator Spotlight
SporcleEXP
Follow
Send a Message
Quizzes Created
-
Created Quiz Play Count
-
More By This Creator
Popular Quizzes Today
1
Colored Red Africa Blitz
2
Find the US States - No Outlines Minefield
3
Find the 'City' Movie
4
5x2 Blitz: Bands
5
The Countries of the World
6
Find the US States
7
Find the Countries of Europe - No Outlines Minefield
8
US States
More Music Quizzes
Green Day - Still Breathing
Quiz Lab
Trending Quizzes
Colored Red Europe Blitz I
Colored Red Europe Blitz II
Colored Red Africa Blitz II
Colored Red Europe Blitz III
Colored Red Africa Blitz III
Recently Updated
How Do You Spell That?
pecheneg
Godzilla Movies
pecheneg
Grab Bag: 4-10 Letters
pecheneg
2024 March Madness Bracket
pecheneg
Famous TV Couples
Peacemaker
Champions League XIs: Real Madrid
pecheneg
Largest US Cities 1790-2010
pecheneg
Rides in Walt Disney World
pecheneg
Most Oscar Losses (Acting)
pecheneg
Beyoncé Albums
pecheneg
Trending Topics
Harry Potter
Anime
NBA
Crossword
Kpop
Disney
Marvel
WWE
Song
Soccer
NFL
Puzzle
The Office
Country
Pokémon
Your Account Isn't Verified!
In order to create a playlist on Sporcle, you need to verify the email address you used during registration. Go to your
Sporcle Settings
to finish the process.
Report this User
Report this user for behavior that violates our
Community Guidelines
.
Details:
Send Report
Go to the Sporcle.com Mobile Site →
Comments